书目信息 |
| 题名: |
单片微机原理及其应用
|
|
| 作者: | 谢康林 著 | |
| 分册: | ||
| 出版信息: | 上海 上海科学技术文献出版社 2001.02 |
|
| 页数: | 247页 | |
| 开本: | 26cm | |
| 丛书名: | ||
| 单 册: | ||
| 中图分类: | TP368.1 | |
| 科图分类: | ||
| 主题词: | 微型计算机 | |
| 电子资源: | ||
| ISBN: | 7-5439-1699-1 | |
| 000 | 00575nam0 2200193 450 | |
| 001 | 0539785526 | |
| 005 | 20050220110304.84 | |
| 010 | @a7-5439-1699-1@dCNY24.00 | |
| 100 | @a20050220d2001 km y0chiy0120 ea | |
| 101 | 0 | @achi |
| 102 | @aCN@b310000 | |
| 200 | 1 | @a单片微机原理及其应用@Adan pian wei ji yuan li ji qi ying yong@f谢康林等著@Fxie kang lin deng zhu |
| 210 | @a上海@c上海科学技术文献出版社@d2001.02 | |
| 215 | @a247页@d26cm | |
| 606 | 0 | @a微型计算机 |
| 690 | @aTP368.1@v4 | |
| 701 | 0 | @a谢康林@Axie kang lin@4著 |
| 801 | 0 | @aCN@bPFT@c20050220 |
| 905 | @aBZT@dTP368.1@e1 | |
| 单片微机原理及其应用/谢康林等著.-上海:上海科学技术文献出版社,2001.02 |
| 247页;26cm |
| ISBN 7-5439-1699-1:CNY24.00 |
| ● |
| 相关链接 |
|
|
|
正题名:单片微机原理及其应用
索取号:TP368.1/1
 
预约/预借
| 序号 | 登录号 | 条形码 | 馆藏地/架位号 | 状态 | 备注 |
| 1 | 410876 | 210385983 | 中心书库中库/ 中库027架A面5列3层65/ [索取号:TP368.1/1] | 在馆 | |
| 2 | 410878 | 210385965 | 中心书库中库/ 中库027架A面5列3层66/ [索取号:TP368.1/1] | 在馆 | |
| 3 | 410879 | 210385947 | 中心书库中库/ 中库027架A面5列3层62/ [索取号:TP368.1/1] | 在馆 | |
| 4 | 410880 | 210385956 | 中心书库中库/ 中库027架A面5列3层63/ [索取号:TP368.1/1] | 在馆 | |
| 5 | 410881 | 210386036 | 中心书库中库/ 中库027架A面5列3层60/ [索取号:TP368.1/1] | 在馆 | |
| 6 | 410882 | 210386027 | 中心书库中库/ 中库027架A面5列3层68/ [索取号:TP368.1/1] | 在馆 | |
| 7 | 410883 | 210386018 | 中心书库中库/ 中库027架A面5列3层61/ [索取号:TP368.1/1] | 在馆 | |
| 8 | 410884 | 210386009 | 中心书库中库/ 中库027架A面5列3层67/ [索取号:TP368.1/1] | 在馆 | |
| 9 | 410885 | 210385992 | 中心书库中库/ 中库027架A面5列3层64/ [索取号:TP368.1/1] | 在馆 |